Central Library || Chittagong University

Biometry : (Record no. 109665)

MARC details
000 -LEADER
fixed length control field 00516nam a22001697a 4500
003 - CONTROL NUMBER IDENTIFIER
control field BD-ChCU
005 - DATE AND TIME OF LATEST TRANSACTION
control field 20251123094938.0
008 - FIXED-LENGTH DATA ELEMENTS--GENERAL INFORMATION
fixed length control field 251123b bg ||||| |||| 00| 0 ben d
040 ## - CATALOGING SOURCE
Transcribing agency BD-ChCU
082 ## - DEWEY DECIMAL CLASSIFICATION NUMBER
Classification number 574.072 SOB(2)
100 ## - MAIN ENTRY--PERSONAL NAME
Personal name Sokal, Robert R. and Rohlf, F. James.
9 (RLIN) 16579
245 ## - TITLE STATEMENT
Title Biometry :
Remainder of title the principle& practice of statistics in biological research.
Statement of responsibility, etc. Robert R. Sokal.
260 ## - PUBLICATION, DISTRIBUTION, ETC.
Place of publication, distribution, etc. New York
Name of publisher, distributor, etc. W. H. Freeman
Date of publication, distribution, etc. 1981
300 ## - PHYSICAL DESCRIPTION
Extent xviii, 859p
650 #0 - SUBJECT ADDED ENTRY--TOPICAL TERM
Topical term or geographic name entry element Biology.
9 (RLIN) 16580
942 ## - ADDED ENTRY ELEMENTS (KOHA)
Source of classification or shelving scheme Dewey Decimal Classification
Koha item type Books
Suppress in OPAC No
Holdings
Withdrawn status Lost status Source of classification or shelving scheme Damaged status Not for loan Home library Current library Shelving location Date acquired Source of acquisition Total Checkouts Full call number Barcode Date last seen Copy number Price effective from Koha item type
    Dewey Decimal Classification     Chittagong University Library Chittagong University Library Science Reading Room 11/23/2025 Purchase   574.072 SOB(2) 139622 11/23/2025 C-2 11/23/2025 Books
    Dewey Decimal Classification     Chittagong University Library Institute of Marine Sciences Seminar Library Science Reading Room 11/23/2025 Purchase   574.072 SOB(2) 115610 11/23/2025 C-1 11/23/2025 Books
© Copyright 2026. Chittagong University Library, Installation and Maintenance by Prof. Dr. Md. Alamgir, 01711306253